Principles of Transportation Engineering (Record no. 6080)

MARC details
000 -LEADER
fixed length control field 00309nam a2200121Ia 4500
008 - FIXED-LENGTH DATA ELEMENTS--GENERAL INFORMATION
fixed length control field 191201s2014 xx 000 0 und d
100 ## - MAIN ENTRY--PERSONAL NAME
Personal name CHAKROBORTY, Partha
245 #0 - TITLE STATEMENT
Title Principles of Transportation Engineering
260 ## - PUBLICATION, DISTRIBUTION, ETC. (IMPRINT)
Place of publication, distribution, etc N. Delhi
Name of publisher, distributor, etc Oxford
Date of publication, distribution, etc 2014
300 ## - PHYSICAL DESCRIPTION
Extent 520
650 ## - SUBJECT ADDED ENTRY--TOPICAL TERM
Topical term or geographic name as entry element B.Tech(CE)
942 ## - ADDED ENTRY ELEMENTS (KOHA)
Source of classification or shelving scheme Dewey Decimal Classification
Koha item type Text Books
Holdings
Withdrawn status Lost status Source of classification or shelving scheme Damaged status Not for loan Collection code Home library Current library Date acquired Source of acquisition Cost, normal purchase price Bill Number Total Checkouts Full call number Acc. no. / Barcode Date last seen Date last borrowed Actual Cost, discounted price Bill Date Koha item type
    Dewey Decimal Classification     B.Tech(CE) PIET C-LIBRARY PIET C-LIBRARY 19/01/2015 KIRTI PRAKASHAN, NEW DELHI 395.00 IN2084 2 629.04 CHP 25069 23/03/2023 21/03/2023 260.70 12/01/2015 Text Books
    Dewey Decimal Classification     B.Tech(CE) PIET C-LIBRARY PIET C-LIBRARY 03/10/2015 KIRTI PRAKASHAN, NEW DELHI 395.00 IN2284   629.04 CHP 25890 04/12/2019   260.70 28/02/2015 Text Books
    Dewey Decimal Classification     B.Tech(CE) PIET C-LIBRARY PIET C-LIBRARY 03/10/2015 KIRTI PRAKASHAN, NEW DELHI 395.00 IN2284 1 629.04 CHP 25891 05/05/2026 21/04/2026 260.70 28/02/2015 Text Books
    Dewey Decimal Classification     B.Tech(CE) PIET C-LIBRARY PIET C-LIBRARY 03/10/2015 KIRTI PRAKASHAN, NEW DELHI 395.00 IN2284   629.04 CHP 25892 04/12/2019   260.70 28/02/2015 Text Books
    Dewey Decimal Classification     B.Tech(CE) PIET C-LIBRARY PIET C-LIBRARY 03/10/2015 KIRTI PRAKASHAN, NEW DELHI 395.00 IN2284   629.04 CHP 25893 04/12/2019   260.70 28/02/2015 Text Books
    Dewey Decimal Classification     B.Tech(CE) PIET C-LIBRARY PIET C-LIBRARY 03/10/2015 KIRTI PRAKASHAN, NEW DELHI 395.00 IN2284   629.04 CHP 25894 04/12/2019   260.70 28/02/2015 Text Books

Design & Developed by: PIET Central Library
R70 Miles Stone Pattikalyana Samalkha Panipat 132102
mail ID :- [email protected], Phone No:- 0180-2569700 Ex.216